MDQL
is popping MORE tags! Check the
thread
!
Quizzes
Events
Quiz Creation
Community
Videos
Private Events
Remove Ads
Sign In
Join for FREE
Feedback
Dark Mode
Quiz Categories
Sports
Geography
Music
Movies
Television
Just For Fun
Miscellaneous
History
Literature
Language
Science
Gaming
Entertainment
Religion
Holiday
For Kids
Quiz Lab
Recent
Popular Today
Quiz Kudos Today
Editor Picks
Curator Picks
Quizzes by...
Day
Popularity
Type
Ratings
Length
Year
Community
Subscriptions
Recent Discussions
Orange Saloon
Badges
Playlists
Quests
Create
Leaderboards
Showdown
Live 5
Trivia Bingo
Activity
Puzzle Library
Sporcle Events
Private Events
Virtual Trivia
Globe League
Become a Host
Pub Owners
SporcleCon
Opinionation
Our Games
Videos
Blog
Mobile Apps
Partnerships
Remove Ads and Go Orange
Feedback
Science
Computer
Plants
Astronomy
Chemistry
Elements
Math
Animal
Physics
Anatomy
Biology
Geology
General Science
Science
Computer
Plants
Astronomy
Chemistry
Elements
Math
Animal
Physics
Anatomy
Biology
Geology
General Science
Random Quiz
Search Sporcle
×
Quiz Lab
Quiz Lab
Science
Geology
Type in answers that appear in a list
Type in answers that appear in a list
Classic
Best Score? Go Orange.
Dinosaurs by name meanings Stats
Can you name the dinosaur by the translation of the animals name?
By
hogfather
5m
20 Questions
248 Plays
248 Plays
248 Plays
Comments
Comments
Give Quiz Kudos
Give Quiz Kudos
-
- Ratings
hide this ad
More Info
Replay
Link that replays current quiz
Next Quiz
Link to next quiz in quiz playlist
You Got
0%
They Got
Avg Score
58%
Avg Friend Score
Upgrade to see
Score Distribution
Jump to the score distribution portion of the page
Score
0/20
Timer
05:00
0
Plays Today
Translation
Name
% Correct
Three Horn Face
triceratops
95.2%
Tyrant Lizard King
tyrannosaurus rex
94.4%
Quick Plunderer
velociraptor
78.6%
Roof Lizard
stegosaurus
75%
Arm Lizard
brachiosaurus
68.5%
Spine Lizard
spinosaurus
67.7%
Thick Head Lizard
pachycephalosaurus
60.5%
Double Beam
diplodocus
58.9%
Chicken Mimic
gallimimus
57.3%
Winged Finger
pterodactyl
56%
Translation
Name
% Correct
Strange Lizard
allosaurus
52.8%
Terrible Claw
deinonychus
49.2%
Deceptive Lizard
apatosaurus
48.8%
Fused Lizard
ankylosaurus
47.6%
Winged Lizard
pterosaur
47.2%
Two Crest Lizard
dilophosaurus
46.8%
Near Crested Lizard
parasaurolophus
41.5%
Fish Lizard
ichthyosaur
41.5%
Elegant Jaw
compsognathus
37.1%
Ostrich Mimic
struthiomimus
35.5%
Quiz Playlist
Details
Report
Send in Message
Add To Playlist
More Info:
I'm quite aware that some of these aren't dinosaurs & two are known as the same animal. Also generic names and translations have been used.
Classic:
Type in answers that appear in a list
Last Updated: Feb 16, 2017
Quiz Scoreboard
CHALLENGE
Sign Up to Join the Scoreboard
Show All
Scores
Hide
Comments
May contain spoilers
Recently Published
1-10 Letter E Words III
by El_Dandy
Language
2m
Street Fighter Characters
by Artimus82
Gaming
60s
College Basketball Coaching Resumes
by pancakes188
Sports
9m
More to Explore
Quiz From the Vault
Featured Blog Post
Where Did the Easter Bunny Come From?
hide this ad
You Might Also Like...
Tags
Animal Quiz
Geology Quiz
Latin Quiz
Translation Quiz
dinosaur
Greek
Paleontology
Today's Top Quizzes in Science
Browse Science
hide this ad
Today's Top Quizzes in Geology
Browse Geology
Top Contributed Quizzes in Science
1
Quick Pick: Radians
2
The First 100 Digits of Pi
3
Quick Pick: 'CI-CJ' Animals
4
Elements In Images
5
perfect squares 1-25
6
One Thing in Common: Science
7
One Thing in Common: Science II
8
One Thing in Common: Animals
9
Order Up: Organs and Body Systems
10
One Thing in Common: Science III
Explore More
Trending Topics
Disney
Harry Potter
Crossword
NBA
Kpop
Anime
Marvel
Puzzle
Pokémon
The Office
Country
Song
Soccer
NFL
WWE
hide this ad
More By:
hogfather
Quiz
Plays
Rating
Category
Featured
Created
Medical Word Roots
11,051
4.43
Science
Dec 19, 2009
Common Condition - Medical Terms
1,301
3.25
Science
Jan 9, 2010
Discworld Gods
545
5.00
Literature
Sep 1, 2010
Flags with writing
494
3.14
Geography
Feb 15, 2010
Dinosaurs by name meanings
248
5.00
Science
Mar 29, 2010
Go to Creator's Profile
Score Distribution
Quiz Creator Spotlight
hogfather
Follow
Send a Message
Quizzes Created
-
Created Quiz Play Count
-
More By This Creator
Popular Quizzes Today
1
Find the US States - No Outlines Minefield
2
Find the Countries of Europe - No Outlines Minefield
3
The Countries of the World
4
Find the US States
5
Risky Map Clicking: Biggest States A-Z
6
US States
7
Popular People in 1961
8
Movies - When Are They Set?
More Science Quizzes
Science Matching Game
Published
Trending Quizzes
Risky Map Clicking: Least Populous States A-Z
Billboard Blitz: Aretha Franklin
1-10 Letter G Words
Countries of the World: 200 Million BC
1-10 Letter F Words
Recently Updated
Leaping Animals
pecheneg
Reality TV Shows (A-Z)
bhenderson79
Rickey Henderson's Hall of Fame Teammates
pecheneg
Champions League XIs: Arsenal
pecheneg
Quick Pick: Celebrities in WWE's Hall of Fame
aduchscher
A-Z Keypad Blitz II
pecheneg
Multiple Oscar Actors
pecheneg
Mystery Phrase Blitz: Oscar 'Best Actors'
pecheneg
F. Scott Fitzgerald Novels
LTH
Pick 3 Villains
ddd62291
Trending Topics
Crossword
NBA
Kpop
Disney
Anime
Harry Potter
Marvel
Country
WWE
Puzzle
Soccer
Song
NFL
The Office
Pokémon
Your Account Isn't Verified!
In order to create a playlist on Sporcle, you need to verify the email address you used during registration. Go to your
Sporcle Settings
to finish the process.
Report this User
Report this user for behavior that violates our
Community Guidelines
.
Details:
Send Report
Go to the Sporcle.com Mobile Site →
Comments